Safe gas tanker operations / (Record no. 1453)

000 -LEADER
fixed length control field 00604nam a2200205 a 4500
008 - FIXED-LENGTH DATA ELEMENTS--GENERAL INFORMATION
fixed length control field 200103r2011 ii ad||g |||| 00| 0 eng d
020 ## - INTERNATIONAL STANDARD BOOK NUMBER
Terms of availability Rs. 400.00
040 ## - CATALOGING SOURCE
Original cataloging agency IMU Kochi Library
Language of cataloging eng
041 0# - LANGUAGE CODE
Language code of text/sound track or separate title eng
044 ## - COUNTRY OF PUBLISHING/PRODUCING ENTITY CODE
MARC country code India
082 04 - DEWEY DECIMAL CLASSIFICATION NUMBER
Edition number 23
Classification number 623.88245
Item number M6919
100 1# - MAIN ENTRY--PERSONAL NAME
Personal name Mistree, K. S. D.
245 10 - TITLE STATEMENT
Title Safe gas tanker operations /
260 ## - PUBLICATION, DISTRIBUTION, ETC. (IMPRINT)
Place of publication, distribution, etc Mumbai :
Name of publisher, distributor, etc Vishwanath publications ,
Date of publication, distribution, etc 2011.
300 ## - PHYSICAL DESCRIPTION
Extent 258 p. :
Other physical details ill., charts ;
Dimensions 29 cm
650 #0 - SUBJECT ADDED ENTRY--TOPICAL TERM
Topical term or geographic name as entry element Tankers
General subdivision Loading and unloading
-- Safety measures
Form subdivision Textbooks
700 ## - ADDED ENTRY--PERSONAL NAME
Personal name Sharma, B. K.
Relator term Joint Author
852 ## - LOCATION/CALL NUMBER
Location IMU Kochi Library
942 ## - ADDED ENTRY ELEMENTS (KOHA)
Item type Books
Holdings
Withdrawn status Lost status Source of classification or shelving scheme Damaged status Not for loan Collection code Permanent location Current location Shelving location Date acquired Source of acquisition Cost, normal purchase price Total Checkouts Total Renewals Full call number Barcode Date last seen Date last borrowed Koha item type Public note
          Nautical Science IMU Kochi Library IMU Kochi Library General Stacks 2013-02-28 M/s Sterling Book House (Inv. No.2285 Dt 2013-02-13) 400.00 4 6 623.88245 M6919 BK000588 2023-11-24 2023-10-10 Books Gen. Shelf-14, Row-3
          Nautical Science IMU Kochi Library IMU Kochi Library General Stacks 2013-02-28 M/s Sterling Book House (Inv. No.2285 Dt 2013-02-13) 400.00 1   623.88245 M6919 BK000589 2024-02-08 2024-02-08 Books Gen. Shelf-14, Row-3


Copyright © All Rights Reserved by Indian Maritime University, Kochi Campus.
For any Suggestions/Query Contact to library or Email: library.kochi@imu.ac.in Ph:(0484)-2989402
(Web OPAC Designed by Rudra Ranjan. Maintained by IMU Kochi Library)

Powered by Koha